01019cam a2200253 a 4500001000400000003001000004005001700014008004100031020001800072040002500090080001800115090002600133245014200159250002500301260003800326300002700364504002500391650006600416650008100482700004800563942001200611952012900623999001300752888BR-CuiBMT20231122192534.0230927s2007 mgba 000 0 por d a9788577000807 aBR-CuiBMTcBR-CuiBMT 22007a351.712 a351.712bG393c2. ed.00aGestão de contratos de terceirização na administração pública :bteoria e prática /cAntonieta Pereira Vieira ... [et al.]. a2. ed., rev. e ampl. aBelo Horizonte :bFórum,c2007. a297 p. :bil. ;c22 cm aInclui bibliografia. aServiços terceirizadosxAdministração públicazBrasil aAdministração públicaxGestão de contratosxServiços terceirizados1 aVieira, Antonieta Pereiraeet al.eautores. 2udccLV 00102udc4070aBIBTCEMTbBIBTCEMTd2008-09-23l0o351.712 G393 2. ed.pBIBTCEMT23110870r2023-11-22tEx. 1w2023-11-22yLV c888d888